| 000 | 00775nam a22002417a 4500 | ||
|---|---|---|---|
| 942 | _cBK | ||
| 999 |
_c755 _d755 |
||
| 005 | 20250420134823.0 | ||
| 008 | 211115b ||||| |||| 00| 0 eng d | ||
| 020 | _a9780357114469 | ||
| 040 | _cKCST | ||
| 082 |
_a519.5 _bMe In |
||
| 100 |
_aMendenhall, William _95535 |
||
| 245 |
_aIntroduction to probability and statistics / _cWilliam Mendenhall, III; Robert J Beaver; Barbara Beaver |
||
| 250 |
_a15 _bMetric version |
||
| 260 |
_aAustralia ; United States : _bCengage; _c[2020] ©2020 |
||
| 300 | _a760 p. | ||
| 650 |
_aMathematical statistics _vTextbooks. _95536 |
||
| 650 |
_aProbabilities _vTextbooks. _95537 |
||
| 650 |
_aMathematical statistics. _91389 |
||
| 700 |
_aBeaver, Robert J _95538 |
||
| 700 |
_aBeaver, Barbara M _95539 |
||
| 942 | _2ddc | ||